000 00359 a2200109 4500
001 ART_60088
005 20260410162052.0
008 260409a
245 1 0 _aLos trust del exterior desde la perspectiva de los tributos nacionales. Segunda parte
100 1 _aMastandrea, Alberto F.
773 0 _tImpuestos
_g- N° 163 (ene. 2024)
_wREV45175
999 _c35888
_d35888